00826nam a2200205 a 450000500170000000800410001704000250005804100080008304400070009111000260009824501230012426000560024730000690030349000410037265000580041365000460047165000300051770000390054770000340058620160811134407.0140115s1999 ck a||||r|||| 00| 0 spa d aCO-BoIAVHcCO-BoIAVH0 aspa ack2 aFundación Inguedé13aLa fenología : b"el mono tiene talento lo que no sabe es leer sabe llevar la fecha cuando el fruto está de comer" aChocó, Colombia : bFundación Inguedé,c1999. a20 páginas : bilustraciones (algunas a color) ; c22 x 28 cm.0 aProyecto productos de la selva ; v226aFenologíaxespecies promisoriaszChocó (Colombia)26aEducación ambientalzChocó (Colombia)26aFlorazChocó (Colombia)1 aMuñetón, Sandraeinvestigadora1 aTuberquia, Dinoeinvestigador